BGMEA University of Fashion and Technology
University Library

Normal view MARC view

Entry Personal Name

Number of records used in: 1

001 - CONTROL NUMBER

  • control field: 4302

003 - CONTROL NUMBER IDENTIFIER

  • control field: BD-DhBUF

005 - DATE AND TIME OF LATEST TRANSACTION

  • control field: 20260114121344.0

008 - FIXED-LENGTH DATA ELEMENTS

  • fixed length control field: 260114|| aca||aabn | a|a d

040 ## - CATALOGING SOURCE

  • Original cataloging agency: BD-DhBUF
  • Transcribing agency: BD-DhBUF

100 ## - HEADING--PERSONAL NAME

  • Personal name: Aquilano, Nicholas J

670 ## - SOURCE DATA FOUND

  • Source citation: Work cat.: (BD-DhBUF)2962: Chase, Richard B. 88, Production and operations management :
Copyright © 2019-2023 | BUFT Library
BGMEA University of Fashion and Technology
Library Home | University Home
| Maintained by Library Team